Statistics for Questions that are Easy, but Strangely Confusing #5

Click here to take the quiz!

General Stats

  • This quiz has been taken 40 times
  • The average score is 7 of 18

Answer Stats

HintAnswer% Correct
Mississippi has four of these, but after all, it can't see.I
94%
This starts with IS, ends with AND, and has LAIsland
87%
Beth’s mother has three daughters. One is called Lara, the other one is Sara. What is the name of the third daughter?Beth
84%
Before Mount Everest was discovered, what was the tallest mountain on Earth?Mount Everest
71%
A person who passes the other person in second place is _____Second
68%
As of 2022, if the Vice President of the United States were to die, who is supposed to be president?Joe Biden
58%
It has a neck, but it does not have a head.Bottle
35%
I have all the knowledge you have. But I’m so small, you can hold me in your fist.Brain
32%
What gets bigger and bigger the more you take away from it?Hole
29%
What kind of tree can you carry in your hand?Palm
26%
This has one head, one foot, and four legsBed
23%
What has three feet but can’t walk?Yardstick
23%
It is as big as an elephant, but it weighs nothingShadow
16%
If you threw a red rock into a green sea, what would it come back as?Wet
16%
A room with no walls, and is mushed although it has a lot of space between it.Mushroom
13%
This travels the world, but always continuously stays in one spot.Stamp
13%
Something that can be used on a paper that supposedly is in lights, but not with brightnessHighlighter
3%
It's forwards when it is heavy, but it is not when it is backwardsTon
0%

Score Distribution

Percentile by Number Answered

Percent of People with Each Score

Your Score History

You have not taken this quiz